A Song of Ice and Fire POV Characters Quiz Stats

 Plays Quiz Updated Nov 12, 2018

Challenge
Share
Tweet
Embed
Score 0/62 Timer 05:00
0 Plays Today
% Correct
Eddard Stark
98.3%
Arya Stark
97.2%
Arya Stark
97.2%
Arya Stark
97.2%
Arya Stark
97.2%
Arya Stark
97.2%
Tyrion Lannister
96.6%
Tyrion Lannister
96.6%
Tyrion Lannister
96.6%
Tyrion Lannister
96.6%
Jon Snow
96.1%
Jon Snow
96.1%
Jon Snow
96.1%
Jon Snow
96.1%
Sansa Stark
96.1%
Sansa Stark
96.1%
Sansa Stark
96.1%
Sansa Stark
96.1%
Catelyn Tully
94.7%
Catelyn Tully
94.7%
Catelyn Tully
94.7%
Bran Stark
94.3%
Bran Stark
94.3%
Bran Stark
94.3%
Bran Stark
94.3%
Daenerys Targaryen
93.4%
Daenerys Targaryen
93.4%
Daenerys Targaryen
93.4%
Daenerys Targaryen
93.4%
Cersei Lannister
91.6%
Cersei Lannister
91.6%
% Correct
Jaime Lannister
90.5%
Jaime Lannister
90.5%
Jaime Lannister
90.5%
Theon Greyjoy
83.9%
Theon Greyjoy
82.7%
Brienne Tarth
77.2%
Davos Seaworth
77.1%
Davos Seaworth
77.1%
Davos Seaworth
77.1%
Samwell Tarly
76.3%
Samwell Tarly
76.3%
Asha Greyjoy
62.7%
Asha Greyjoy
62.6%
Victarion Greyjoy
56%
Victarion Greyjoy
55.7%
Melisandre of Asshai
54.4%
Will
53.9%
Arianne Martell
53.4%
Areo Hotah
52.5%
Barristan Selmy
52.3%
Areo Hotah
51.8%
Aeron Greyjoy
48.4%
Kevan Lannister
47.9%
Quentyn Martell
44.8%
Maester Cressen
44.7%
Arys Oakheart
41.6%
Jon Connington
41.5%
Pate
41.4%
Merrett Frey
41.2%
Varamyr Sixskins
37.3%
Chett
33.9%

You're not logged in!

Compare scores with friends on all Sporcle quizzes.
OR
Log In

You Might Also Like...

Show Comments

Extras

Top Quizzes Today


Score Distribution

Your Account Isn't Verified!

In order to create a playlist on Sporcle, you need to verify the email address you used during registration. Go to your Sporcle Settings to finish the process.

Report this User

Report this user for behavior that violates our Community Guidelines.

Details: